000 02133cam a2200277zu 4500
001 88862806
003 FRCYB88862806
005 20251020124609.0
006 m o d
007 cr un
008 251020s2018 fr | o|||||0|0|||fre d
020 _a9782897585365
035 _aFRCYB88862806
040 _aFR-PaCSA
_bfr
_c
_erda
100 1 _aWarner, Andy
245 0 1 _aDe la toilette au velcro en passant par les feux de circulation
_bLa fabuleuse histoire de ces objets qu’on utilise chaque jour
_c['Warner, Andy']
264 1 _bGuy Saint-Jean Editeur
_c2018
300 _a p.
336 _btxt
_2rdacontent
337 _bc
_2rdamdedia
338 _bc
_2rdacarrier
650 0 _a
700 0 _aWarner, Andy
856 4 0 _2Cyberlibris
_uhttps://international.scholarvox.com/netsen/book/88862806
_qtext/html
_a
520 _aDans cette bande dessinée drôlement originale, Andy Warner raconte comme personne auparavant l’histoire des objets qui font partie de notre vie de tous les jours. Comment sont nés la brosse à dents, l’aspirateur, le stylo bille? Qui a créé les chips, les feux de circulation ou encore les glaçons? D’où viennent les toilettes à chasse d’eau, le cure-dent ou bien le cerf-volant? Quelle histoire se cache derrière les barbelés et le shampoing ? Nous utilisons quotidiennement une foule d’objets que nous ne remarquons même plus. Pourtant, ils n’ont pas toujours existé, et nous ne pourrions plus nous en passer! Ce livre étonnant donne vie à ces objets qu’on tient pour acquis, qui auraient pu ne jamais voir le jour et dont les origines sont fascinantes. Une BD instructive qui offre une formidable occasion de se cultiver, de découvrir, de rire, de s’amuser tout en apprenant une foule de faits méconnus. Une super leçon d’histoire pour tous les publics ! Andy Warner est journaliste et illustrateur de bandes dessinées. Il a grandi dans un phare en Corse et aujourd’hui il travaille depuis le fond de son jardin à San Francisco. De la toilette au velcro en passant par les feux de circulation est son premier roman graphique.
999 _c1557623
_d1557623